Les ministères français - Mort subite - Statistiques

Statistiques générales
  • Ce quiz a été pris 127 fois
  • Le résultat moyen est 10 sur 13
Answers on the Grid
Answers color-coded by a green-red scale on the quiz's grid according to % correct below.
Ministre de l’Action publique, de la Fonction publique et de la Simplification
Ministre de l'Intérieur
Ministre des Outre-mer
Ministre de l’Aménagement du territoire et de la Décentralisation
Ministre de la Transition écologique, de la Biodiversité, de la Forêt, de la Mer et de la Pêche
Garde des Sceaux, ministre de la Justice
Ministre des Armées
Ministre de l'Europe et des Affaires étrangères
Ministre du Travail de la Santé, des Solidarités et des Familles
Ministre de la Culture
Ministre de l'Économie, des Finances et de la Souveraineté industrielle et numérique
Ministre de l'Éducation nationale de l'Enseignement supérieur et de la Recherche
Ministre de l’Agriculture et de la Souveraineté alimentaire
Ministre du Fromage et de la Gastronomie
Ministre du Climat et des Animaux Domestiques
Ministre du Bien-être et de la Santé Mentale
Ministre des Festivals et de la Fête
Ministre de la Culture Étrangère
Ministre de la Musique, du Spectacle et de l'Animation
Ministre des Relations Internationales
Ministre des Routes et de la Circulation Automobile
Ministre de la Consommation
 
Statistiques - réponses
Réponse % Correct
Ministre de la Culture
93%
Ministre de l'Intérieur
86%
Ministre de l'Économie, des Finances et de la Souveraineté industrielle et numérique
83%
Ministre des Armées
83%
Garde des Sceaux, ministre de la Justice
81%
Ministre de l'Éducation nationale de l'Enseignement supérieur et de la Recherche
81%
Ministre des Outre-mer
79%
Ministre de l’Agriculture et de la Souveraineté alimentaire
77%
Ministre du Travail de la Santé, des Solidarités et des Familles
77%
Ministre de l'Europe et des Affaires étrangères
73%
Ministre de la Transition écologique, de la Biodiversité, de la Forêt, de la Mer et de la Pêche
72%
Ministre de l’Aménagement du territoire et de la Décentralisation
64%
Ministre de l’Action publique, de la Fonction publique et de la Simplification
60%
Aucun quiz correspondant
Distribution des résultats
% des personnes avec chaque résultat
Percentile par nombre de réponses
Votre historique - résultats
Vous n’avez pas pris ce quiz